Industrial Robotics Handbook

Gespeichert in:
Bibliographische Detailangaben
1. Verfasser: Hunt, V. Daniel
Format: Buch
Sprache:Englisch
Veröffentlicht: New York Industrial Press 1983
Ausgabe:1. ed.
Tags: Tag hinzufügen
Keine Tags, Fügen Sie das erste Tag hinzu!

MARC

LEADER 00000nam a2200000 4500
001 c030703
005 20221220085045.8
041 0 |a eng 
044 |a US 
245 1 0 |a Industrial Robotics Handbook  |c V. Daniel Hunt 
250 |a 1. ed. 
264 1 |a New York  |b Industrial Press  |c 1983 
300 |a 432 s. 
100 1 |a Hunt, V. Daniel